000 00726nam a2200253Ia 4500
003 OSt
005 20220926004749.0
006 a|||||r|||| 00| 0
007 ta
008 220923b |||||||| |||| 00| 0 eng d
020 _a0761992928
037 _cGeneral Book
040 _aRTL
_cRTL
_beng
041 _2eng
_aeng
082 _aY394.211M.N9, N9
100 _aHockings Paul
245 0 _aKindreds of the earth
_b Badaga household structure and demography
260 _a New Delhi
_bSage
_c1999
300 _a302p
_ccm.
500 _aBibliography: p 287-96
650 _aRefugee Sociology
_9238039
942 _hY394.211M.N9, N9
_cGB
_2CC
999 _c612241
_d612241